| 000 | 02291nam a22003257i 4500 | ||
|---|---|---|---|
| 003 | Do-SdINT | ||
| 005 | 20250605110856.0 | ||
| 008 | 040225s2024 sp s |||| 0|spa d | ||
| 020 | _a978-84-10282-06-3 | ||
| 040 |
_aDO-SdINT _erda _bspa _cDO-SdINT |
||
| 072 | _aCSH | ||
| 082 |
_a378.12/B928d _221 |
||
| 245 | 1 | 0 |
_aLa docencia universitaria en clave neuroeducativa. Viejos problemas, nuevos retos : _b oportunidades para el cambio / _cDavid Bueno y Anna Forés (editores) |
| 264 |
_aBarcelona, España : _bOctaedro, _c2024 |
||
| 300 | _a1 recurso en línea (184 páginas) | ||
| 336 |
_atexto _btxt _2rdacontent |
||
| 337 |
_acomputadora _bc _2rdamedia |
||
| 338 |
_arecurso en línea _bc _2rdacarrier |
||
| 347 |
_aarchivo de texto _bPDF _2rda |
||
| 490 | _aEducación Universitaria ; | ||
| 505 | _aPrólogo 9 -- El acceso a la universidad: empecemos por el principio 13 -- Progreso, persistencia, asistencia para diluir: abandonos, absentismos y otros «ab» 25 -- Espacios que dejan huellas 35 -- Tomar consciencia. Corresponsabilizarse del aprendizaje 45 -- Diversidades diversas. Diseños universales 55 -- Funciones ejecutivas, aprendizaje y evaluación: elementos clave en contextos universitarios para potenciar los aprendizajes significativos 65 -- El feedback como gestor e impulsor de aprendizajes futuros 75 -- Evaluación y neuroeducación: el tándem para potenciar aprendizajes significativos en la universidad 85 -- Exámenes: del estrés al reto 99 -- Interdisciplinariedad: la imprescindible sinergia entre ciencias y humanidades para una formación integral 111 -- La transferencia del aprendizaje en la era de la inteligencia artificial 121 -- Realidad extendida e inteligencia artificial 133 -- Una universidad en movimiento 143 -- El estrés en contextos educativos 153 -- La construcción de la salud mental desde el aula 163 | ||
| 506 | 0 | _aOpen Access | |
| 650 | 0 |
_aNeuroeducación _2ARMARC _9109451 |
|
| 650 | 7 |
_aEducación superior _2ARMARC _932230 |
|
| 650 | 0 |
_aDocencia _2ARMARC _9109286 |
|
| 700 |
_aBueno, David _4ed. _9109452 _eeditor |
||
| 700 |
_aForés Miravalles, Anna _4ed. _9109453 _eeditor |
||
| 856 |
_yAcceso a Texto Completo _uhttps://opacbiblioteca.intec.edu.do/opac-tmpl/files/recursoselectronicos/9788410282070PDF.pdf |
||
| 942 |
_cE-BOOK _2ddc |
||
| 999 |
_c13437 _d13437 |
||